| 000 | 00407nam a22001457a 4500 | ||
|---|---|---|---|
| 020 | _a8120316703 | ||
| 040 | _cNUST | ||
| 082 |
_a004.21 _bHAW |
||
| 100 |
_aIgor Hawryszkiewycz _9125325 |
||
| 245 | _aIntroduction to Systems Analysis and Design | ||
| 250 | _aFourth edition | ||
| 260 |
_aIndia: _bPrentice Hall of India, _c2002. |
||
| 650 | _2Introduction to Systems Analysis and Design | ||
| 942 |
_2ddc _cBK |
||
| 999 |
_c611079 _d611079 |
||